Юридическая помощь населению (Запись № 9769707)

Подробности
000 -МАРКЕР
контрольное поле 01862nam0a22003251 4500
001 - ИДЕНТИФИКАТОР ЗАПИСИ
контрольное поле RU\NLR\A1SV\12660
005 - ИДЕНТИФИКАТОР ВЕРСИИ
контрольное поле 20251203171251.9
035 ## - ДРУГИЕ СИСТЕМНЫЕ НОМЕРА
Идентификатор записи (NLR Aleph) 009697984
100 ## - ДАННЫЕ ОБЩЕЙ ОБРАБОТКИ
Данные общей обработки 19990708d1925 u y0rusy50 ca
101 0# - ЯЗЫК РЕСУРСА
Язык текста, звукозаписи и т.д. русский
102 ## - СТРАНА ПУБЛИКАЦИИ ИЛИ ПРОИЗВОДСТВА
Страна публикации Российская Федерация
200 1# - ЗАГЛАВИЕ И СВЕДЕНИЯ ОБ ОТВЕТСТВЕННОСТИ
Основное заглавие Юридическая помощь населению
Первые сведения об ответственности Я.Н.Бранденбургский
210 ## - ПУБЛИКАЦИЯ, РАСПРОСТРАНЕНИЕ И ДР.
Место издания, распространения и т.д. М.
Имя издателя, распространителя и т. д. Юрид. изд-во
Дата издания, распространения и т.д. 1925
215 ## - ФИЗИЧЕСКАЯ ХАРАКТЕРИСТИКА
Специфическое обозначение материала и объем 26 с.
Размеры 21 см
225 ## - СЕРИЯ
Основное заглавие серии Общедоступ. правовая б-ка
Обозначение тома Кн. N 3
300 ## - ОБЩИЕ ПРИМЕЧАНИЯ
Текст примечания Сер. указана на обл.
451 #0 - ДРУГОЕ ИЗДАНИЕ [КАТАЛОГИЗИРУЕМОГО ДОКУМЕНТА] НА АНАЛОГИЧНОМ НОСИТЕЛЕ
Встроенное поле 001RU\NLR\A1SV\12661
-- 2001#$aЮридическая помощь населению$e[Где и как получить помощь советом, составлением заявления в суд и др. учреждения]$fЯ.Н.Бранденбургский
-- 700#1$aБранденбургский$bЯ. Н.$f1881-1951$cгос. и парт. деятель$3RU\NLR\AUTH\770182995$gЯков Натанович
Системный номер (АБИС) связанной записи 9769713
Автор Бранденбургский, Я. Н. (гос. и парт. деятель ; 1881-1951)
Место публикации М.
Дата публикации 1926
Издание 2-е изд.
Первые сведения об ответственности Я.Н.Бранденбургский
Имя издателя, распространителя и т.д. Юрид. изд-во Н.К.Ю. РСФСР
Сведения, относящиеся к заглавию [Где и как получить помощь советом, составлением заявления в суд и др. учреждения]
Физическая характеристика 26, [2] с.
Заглавие Юридическая помощь населению
620 ## - МЕСТО И ДАТА ПУБЛИКАЦИИ, ИСПОЛНЕНИЯ И Т. Д.
Город Москва
700 #1 - ИМЯ ЛИЦА - ПЕРВИЧНАЯ ОТВЕТСТВЕННОСТЬ
Начальный элемент ввода Бранденбургский
Часть имени, кроме начального элемента ввода Я. Н.
Дополнения к именам, кроме дат гос. и парт. деятель
Даты 1881-1951
Расширение инициалов личного имени Яков Натанович
Системный номер авторитетной/нормативной записи 182944
Идентификатор авторитетной/нормативной записи RU\NLR\AUTH\770182995
801 #0 - ИСТОЧНИК ЗАПИСИ
Страна Российская Федерация
Организация NLR
Дата составления 19990708
852 ## - МЕСТОНАХОЖДЕНИЕ И ШИФР ХРАНЕНИЯ
Идентификатор организации NLR
Шифр хранения (Call Number) 17.154.2.46-3
899 ## - ДАННЫЕ О МЕСТОНАХОЖДЕНИИ (устаревшее)
Местонахождение БАН
899 ## - ДАННЫЕ О МЕСТОНАХОЖДЕНИИ (устаревшее)
Местонахождение РКП
899 ## - ДАННЫЕ О МЕСТОНАХОЖДЕНИИ (устаревшее)
Местонахождение РГБ
899 ## - ДАННЫЕ О МЕСТОНАХОЖДЕНИИ (устаревшее)
Местонахождение NLG
942 ## - ДОПОЛНИТЕЛЬНЫЕ ЭЛЕМЕНТЫ ЗАПИСИ (АБИС)
Тип экземпляра АБИС Книга
980 ## - КОЛЛЕКЦИЯ
Название коллекции Национальная библиография
980 ## - КОЛЛЕКЦИЯ
Название коллекции Международный сводный каталог русской книги (1918-1926)
Экземпляры
Тип экземпляра Дата поступления Библиотека постоянного хранения Библиотека текущего хранения Место хранения Шифр хранения Штрих-код Статус экземпляра
Книга 14.02.2024 РНБ (Садовая) РНБ (Садовая) Русский книжный фонд -Главное здание, Ленинский читальный зал 17.154.2.46-3 9697984-10